000 00268nam a22001097a 4500
008 170123b xxu||||| |||| 00| 0 eng d
020 _a9780721637426
041 _aeng
080 _22ND
_a618.2
245 _aTHE PRACTICE OF NURSING RESEARCH
_cGROVE, S.K
942 _2udc
_cBK
999 _c3370
_d3370